000 00444nam a2200169Ia 4500
008 210210b1968 xxu||||| |||| 00| 0 eng d
082 _a428.2 HARW
100 _aHARDWICK (H C).
245 _aWords are important, fifth book of vocabulary improvement 5. Ed 1.
250 _a
260 _aAllahabad.
_bA H Wheeler & Co Pvt Ltd
_c1968
300 _a53
440 _a5
650 _aVocabulary
690 _aEnglish Usage
906 _a037627
999 _c88051
_d88051